"30 Years of Inspiring Academic Economic Research - From the Transition to Market Economy to the Interlinked Crises of 21st Century" : (Record no. 70636)

MARC details
000 -LEADER
fixed length control field 19644nam a22015375i 4500
005 - DATE AND TIME OF LATEST TRANSACTION
control field 20230718140333.0
006 - FIXED-LENGTH DATA ELEMENTS--ADDITIONAL MATERIAL CHARACTERISTICS
fixed length control field m|||||o||d||||||||
007 - PHYSICAL DESCRIPTION FIXED FIELD--GENERAL INFORMATION
fixed length control field cr || ||||||||
008 - FIXED-LENGTH DATA ELEMENTS--GENERAL INFORMATION
fixed length control field 221205t20222020pl fo d z eng d
020 ## - INTERNATIONAL STANDARD BOOK NUMBER
International Standard Book Number 9788366675261
040 ## - CATALOGING SOURCE
Original cataloging agency DE-B1597
Language of cataloging eng
Transcribing agency DE-B1597
Description conventions rda
041 0# - LANGUAGE CODE
Language code of text/sound track or separate title eng
100 1# - MAIN ENTRY--PERSONAL NAME
Personal name Authors,
Relator term author.
Relator code aut
-- http://id.loc.gov/vocabulary/relators/aut
245 10 - TITLE STATEMENT
Title "30 Years of Inspiring Academic Economic Research - From the Transition to Market Economy to the Interlinked Crises of 21st Century" :
Remainder of title Proceedings of the International Conference "Economic Scientific Research - Theoretical, Empirical and Practical Approaches" ESPERA 2020 /
Statement of responsibility, etc. Authors.
264 #1 - PRODUCTION, PUBLICATION, DISTRIBUTION, MANUFACTURE, AND COPYRIGHT NOTICE
Place of production, publication, distribution, manufacture Warsaw ;
-- Berlin :
Name of producer, publisher, distributor, manufacturer Sciendo,
Date of production, publication, distribution, manufacture, or copyright notice [2022]
264 #4 - PRODUCTION, PUBLICATION, DISTRIBUTION, MANUFACTURE, AND COPYRIGHT NOTICE
Date of production, publication, distribution, manufacture, or copyright notice ©2020
300 ## - PHYSICAL DESCRIPTION
Extent 1 online resource
336 ## - CONTENT TYPE
Content type term text
Content type code txt
Source rdacontent
337 ## - MEDIA TYPE
Media type term computer
Media type code c
Source rdamedia
338 ## - CARRIER TYPE
Carrier type term online resource
Carrier type code cr
Source rdacarrier
347 ## - DIGITAL FILE CHARACTERISTICS
File type text file
Encoding format PDF
Source rda
505 00 - FORMATTED CONTENTS NOTE
Title Content --
-- 30 Years of Inspiring Academic Economic Research. From the transition to a market economy to the interlinked crises of 21st Century - Foreword --
-- The Need for a Paradigm Shift in Economics --
-- National strategies without fundamental research? --
-- Environmental tax revenues in Europe: structural estimation models --
-- European Funds - Resilience mechanism against the expected collapse due to the COVID-19 pandemic --
-- Assessing the European Funds' impact on economic growth and the New Generation Europe prospects --
-- An econometric model for the short term projection of the stock of fixed capital --
-- Debt-threshold effect on output in European Union countries --
-- Analysis of the degree of structural convergence of Romania with the Euro Area --
-- Convergence of the most/least developed counties/NUTS3 regions in Romania/Euro area --
-- Covid-19 social policy response in Romania: outlook and lessons from the past --
-- Applying simulation techniques in social sciences. The dynamics of opinion formation --
-- Financial development in Central and Eastern European Countries. Reflections on the past and prospects --
-- Progress and prospects of some Sustainable Development Goals in Romania --
-- High frequency market efficiency test for cryptocurrency --
-- Microfinance as a catalyst for boosting businesses at the bottom of the pyramid --
-- Saving the economy in a low-pay EU country --
-- Development of the natural gas national transmission system - support for their efficient valorisation --
-- Natural resources management: key-factors to sustain policies applicable in Romania --
-- Protected natural areas - areas removed from the economic circuit?! --
-- From innovation to practice - extracting economically valuable materials from waste --
-- The impact of the use of natural resources patrimony on climate change --
-- The gait of ideas and of economic reflections on the path to the next normal and the touch point between citizens and their local community represented by a retail progressively adapting to the technology trends --
-- Role of taxes in the transition to an inclusive circular economy --
-- Evaluation of habitats of community interest from Apuseni Mountains. Case study --
-- A perspective on the human cloud industry --
-- Rural-urban age segregation in Romania --
-- Urban regeneration. Concept's evolution and its transposition forms into practice --
-- Romanian policy related to the urban public transport, in socialist and contemporary periods --
-- Evolutions in the dynamics and structure and of professional, scientific, technical and management services in Romania --
-- Analysis of the Free Trade - Protectionism dichotomy in the European Union confronted with the coronavirus pandemic --
-- Impact of Covid-19 on fiscal developments in the EU28 in the first part of 2020 --
-- The equilibrium between helicopter money policy and war economy transition: economic solutions against coronavirus pandemic --
-- Some considerations on the impact of the coupled support on the vegetable sector in Romania --
-- Health as a motive for cured meat choice: consumer socio-demographic characteristics perspective --
-- The global dairy chain in relation with the Romanian dairy market. Retrospective and future directions --
-- A "Young Farmer Problem"? Opportunities and challenges for generational renewal in farms --
-- Adapting agricultural policies in the Covid-19 crisis: Romania's case --
-- The dimension of food waste phenomena in Romania. Case-study: Agro-mountain pensions --
-- The potential of the forestry and crop insurance in the sustainable development of Romania --
-- Embedding blockchain technology in food imports to U.A.E for improved food security --
-- Agro-tourism - an opportunity for rural area --
-- The impact of organic agriculture on economic growth. A comparative analysis between the EU New and Old Member States --
-- Food system challenges and transformations under COVID-19. A systematic literature review --
-- Non-price determinants of demand for tobacco products in SEE countries --
-- Changes in households' economic well-being during Covid-19 pandemic --
-- A study on how attitude, subjective norms and perceived behavioral control influence financial awareness --
-- Proposals of methodologies for the assessment of risks from the atypical situations in the investment fund management activity --
-- Public sector and SMEs digital relationship during the COVID-19 pandemic in EU --
-- Ethics in banking organisations under the conditions of the pandemic crisis COVID-19 --
-- Business ethics and the challenges of the COVID-19 pandemic --
-- The ethics in project management
506 0# - RESTRICTIONS ON ACCESS NOTE
Standardized terminology for access restriction unrestricted online access
Source of term star
520 ## - SUMMARY, ETC.
Summary, etc. Overview The aim of the International Conferences "Economic Scientific Research-Theoretical, Empirical and Practical Approaches"- (ESPERA), initiated in 2013 by the "Costin C. Kirițescu" National Institute for Economic Research (NIER) within the Romanian Academy is to present and evaluate the economic scientific research portfolio, to argue and substantiate the Romanian development strategies - including European and global best practices, to provide an opportunity for researches, practitioners, and academics interested in economic scientific research, both theoretical, practical and empirical discuss and exchange insightful research ideas. The 7th edition of the International Conferences "Economic Scientific Research-Theoretical, Empirical and Practical Approaches"- (ESPERA), under the title "30 Years of Inspiring Academic Economic Research - From the Transition to a Market Economy to the Interlinked Crises of 21st Century" was organized virtually during 26th -27th November 2020, In Bucharest, Romania. The event, dedicated to the 30th anniversary of NIER and its economic research network of its return under the auspices of the Romanian Academy, will include a scientific program of wide diversity initiatives, bringing together researchers from all NIER institutes and centers, members of the Romanian Academy, Romanian academic researchers and also guests from other countries. The ESPERA Conference is organized in such a way as to provide an academic platform for debates, covering the broadest approaches, enabling an interactive exchange of ideas on state-of-the art knowledge and the latest results and findings, including those emerged in economic science arising from both fundamental and empirical researches and promoting evidence-based policy making. Researchers are encouraged to present articles on economic scientific research that they have focused on most over the past 30 years, summarizing as much as possible paradigm shifts and dialogue between currents of thought, developments and trends in national, European and international economic realities. The recent developments in the world economy and the interlinked crises which are shaping up over the horizon of an increasingly uncertain future in this Century should also be essential reflection topics for challenges and opportunities trading-off. The main topics of the conference are focused on but not limited to the following sections: Assessment of economic-social and political experiences and thoughts; Business ethics - economic strength or weakness in a global world; Contributions to the New Encyclopedia of Romania; Demographic facts and figures; Development and improvement of economic and social forecasting tools; Economic instability and stabilization policies; Economy dynamics and structural changes for a competitive growth; European integration and globalization - new challenges; Food safety and security - challenges for agriculture economic development; Knowledge, innovation, smart development and human capital; Mountain Economy; Natural resources patrimony - costs and benefits of its valorization; PhD and post PhD students debates; Quality of life and social policies evaluations; Romania's sustainable economic and social development. Models, scenarios, evaluations; The sessions were designed in such manner to encourage new developments between researchers, academia, practitioners and business environment to establis
538 ## - SYSTEM DETAILS NOTE
System details note Mode of access: Internet via World Wide Web.
540 ## - TERMS GOVERNING USE AND REPRODUCTION NOTE
Terms governing use and reproduction This eBook is made available Open Access under a CC BY-NC-ND 4.0 license:
Uniform Resource Identifier <a href="https://creativecommons.org/licenses/by-nc-nd/4.0 ">https://creativecommons.org/licenses/by-nc-nd/4.0 </a>
-- <a href="https://www.degruyter.com/dg/page/open-access-policy">https://www.degruyter.com/dg/page/open-access-policy</a>
546 ## - LANGUAGE NOTE
Language note In English.
588 0# - SOURCE OF DESCRIPTION NOTE
Source of description note Description based on online resource; title from PDF title page (publisher's Web site, viewed 05. Dez 2022)
650 #7 - SUBJECT ADDED ENTRY--TOPICAL TERM
Topical term or geographic name entry element BUSINESS & ECONOMICS / General.
Source of heading or term bisacsh
700 1# - ADDED ENTRY--PERSONAL NAME
Personal name Ailincă, Alina Georgeta,
Relator term contributor.
Relator code ctb
-- https://id.loc.gov/vocabulary/relators/ctb
700 1# - ADDED ENTRY--PERSONAL NAME
Personal name Akbar, Ahsan,
Relator term contributor.
Relator code ctb
-- https://id.loc.gov/vocabulary/relators/ctb
700 1# - ADDED ENTRY--PERSONAL NAME
Personal name Alboiu, Cornelia,
Relator term contributor.
Relator code ctb
-- https://id.loc.gov/vocabulary/relators/ctb
700 1# - ADDED ENTRY--PERSONAL NAME
Personal name Albu, Ada-Cristina,
Relator term contributor.
Relator code ctb
-- https://id.loc.gov/vocabulary/relators/ctb
700 1# - ADDED ENTRY--PERSONAL NAME
Personal name Albu, Paul Andrei,
Relator term contributor.
Relator code ctb
-- https://id.loc.gov/vocabulary/relators/ctb
700 1# - ADDED ENTRY--PERSONAL NAME
Personal name Alexandri, Cecilia,
Relator term contributor.
Relator code ctb
-- https://id.loc.gov/vocabulary/relators/ctb
700 1# - ADDED ENTRY--PERSONAL NAME
Personal name Andrei, Jean Vasile,
Relator term contributor.
Relator code ctb
-- https://id.loc.gov/vocabulary/relators/ctb
700 1# - ADDED ENTRY--PERSONAL NAME
Personal name Antonescu, Daniela,
Relator term contributor.
Relator code ctb
-- https://id.loc.gov/vocabulary/relators/ctb
700 1# - ADDED ENTRY--PERSONAL NAME
Personal name Apetrei, Manuela,
Relator term contributor.
Relator code ctb
-- https://id.loc.gov/vocabulary/relators/ctb
700 1# - ADDED ENTRY--PERSONAL NAME
Personal name Arsene, Gicu-Gabriel,
Relator term contributor.
Relator code ctb
-- https://id.loc.gov/vocabulary/relators/ctb
700 1# - ADDED ENTRY--PERSONAL NAME
Personal name Barangă, Laurențiu Paul,
Relator term contributor.
Relator code ctb
-- https://id.loc.gov/vocabulary/relators/ctb
700 1# - ADDED ENTRY--PERSONAL NAME
Personal name Bodea, Constanţa Nicoleta,
Relator term contributor.
Relator code ctb
-- https://id.loc.gov/vocabulary/relators/ctb
700 1# - ADDED ENTRY--PERSONAL NAME
Personal name Borţea, Andra-Nicoleta,
Relator term contributor.
Relator code ctb
-- https://id.loc.gov/vocabulary/relators/ctb
700 1# - ADDED ENTRY--PERSONAL NAME
Personal name Bota, Viviane,
Relator term contributor.
Relator code ctb
-- https://id.loc.gov/vocabulary/relators/ctb
700 1# - ADDED ENTRY--PERSONAL NAME
Personal name Bozgă, Narcis,
Relator term contributor.
Relator code ctb
-- https://id.loc.gov/vocabulary/relators/ctb
700 1# - ADDED ENTRY--PERSONAL NAME
Personal name Bulearcă, Marius,
Relator term contributor.
Relator code ctb
-- https://id.loc.gov/vocabulary/relators/ctb
700 1# - ADDED ENTRY--PERSONAL NAME
Personal name Butu, Alina,
Relator term contributor.
Relator code ctb
-- https://id.loc.gov/vocabulary/relators/ctb
700 1# - ADDED ENTRY--PERSONAL NAME
Personal name Butu, Marian,
Relator term contributor.
Relator code ctb
-- https://id.loc.gov/vocabulary/relators/ctb
700 1# - ADDED ENTRY--PERSONAL NAME
Personal name Bălăcian, Delia,
Relator term contributor.
Relator code ctb
-- https://id.loc.gov/vocabulary/relators/ctb
700 1# - ADDED ENTRY--PERSONAL NAME
Personal name Băncescu, Irina,
Relator term contributor.
Relator code ctb
-- https://id.loc.gov/vocabulary/relators/ctb
700 1# - ADDED ENTRY--PERSONAL NAME
Personal name Chitescu, Razvan-Ion,
Relator term contributor.
Relator code ctb
-- https://id.loc.gov/vocabulary/relators/ctb
700 1# - ADDED ENTRY--PERSONAL NAME
Personal name Chivu, Luminița,
Relator term contributor.
Relator code ctb
-- https://id.loc.gov/vocabulary/relators/ctb
700 1# - ADDED ENTRY--PERSONAL NAME
Personal name Ciornei, Laurențiu,
Relator term contributor.
Relator code ctb
-- https://id.loc.gov/vocabulary/relators/ctb
700 1# - ADDED ENTRY--PERSONAL NAME
Personal name Ciuiu, Daniel,
Relator term contributor.
Relator code ctb
-- https://id.loc.gov/vocabulary/relators/ctb
700 1# - ADDED ENTRY--PERSONAL NAME
Personal name Constantin, Marius,
Relator term contributor.
Relator code ctb
-- https://id.loc.gov/vocabulary/relators/ctb
700 1# - ADDED ENTRY--PERSONAL NAME
Personal name Costovici Mema, Denisa-Atena,
Relator term contributor.
Relator code ctb
-- https://id.loc.gov/vocabulary/relators/ctb
700 1# - ADDED ENTRY--PERSONAL NAME
Personal name Criste, Adina,
Relator term contributor.
Relator code ctb
-- https://id.loc.gov/vocabulary/relators/ctb
700 1# - ADDED ENTRY--PERSONAL NAME
Personal name Cristea, Adina,
Relator term contributor.
Relator code ctb
-- https://id.loc.gov/vocabulary/relators/ctb
700 1# - ADDED ENTRY--PERSONAL NAME
Personal name Călin, Henriette-Cristiana,
Relator term contributor.
Relator code ctb
-- https://id.loc.gov/vocabulary/relators/ctb
700 1# - ADDED ENTRY--PERSONAL NAME
Personal name Damoc, Adrian-Ioan,
Relator term contributor.
Relator code ctb
-- https://id.loc.gov/vocabulary/relators/ctb
700 1# - ADDED ENTRY--PERSONAL NAME
Personal name Diaconescu, Tiberiu,
Relator term contributor.
Relator code ctb
-- https://id.loc.gov/vocabulary/relators/ctb
700 1# - ADDED ENTRY--PERSONAL NAME
Personal name Diamescu, Andrei-Marius,
Relator term contributor.
Relator code ctb
-- https://id.loc.gov/vocabulary/relators/ctb
700 1# - ADDED ENTRY--PERSONAL NAME
Personal name Djokic, Nenad,
Relator term contributor.
Relator code ctb
-- https://id.loc.gov/vocabulary/relators/ctb
700 1# - ADDED ENTRY--PERSONAL NAME
Personal name Djukic, Mihajlo,
Relator term contributor.
Relator code ctb
-- https://id.loc.gov/vocabulary/relators/ctb
700 1# - ADDED ENTRY--PERSONAL NAME
Personal name Dodoc Ghiţun, Mădălina-Maria,
Relator term contributor.
Relator code ctb
-- https://id.loc.gov/vocabulary/relators/ctb
700 1# - ADDED ENTRY--PERSONAL NAME
Personal name Dospinescu, Andrei Silviu,
Relator term contributor.
Relator code ctb
-- https://id.loc.gov/vocabulary/relators/ctb
700 1# - ADDED ENTRY--PERSONAL NAME
Personal name Fistung, Frantz Daniel,
Relator term contributor.
Relator code ctb
-- https://id.loc.gov/vocabulary/relators/ctb
700 1# - ADDED ENTRY--PERSONAL NAME
Personal name Frone, Simona,
Relator term contributor.
Relator code ctb
-- https://id.loc.gov/vocabulary/relators/ctb
700 1# - ADDED ENTRY--PERSONAL NAME
Personal name Georgescu, George,
Relator term contributor.
Relator code ctb
-- https://id.loc.gov/vocabulary/relators/ctb
700 1# - ADDED ENTRY--PERSONAL NAME
Personal name Grigorescu, Adriana,
Relator term contributor.
Relator code ctb
-- https://id.loc.gov/vocabulary/relators/ctb
700 1# - ADDED ENTRY--PERSONAL NAME
Personal name Grubor, Aleksandar,
Relator term contributor.
Relator code ctb
-- https://id.loc.gov/vocabulary/relators/ctb
700 1# - ADDED ENTRY--PERSONAL NAME
Personal name Gâf Deac, Ioan,
Relator term contributor.
Relator code ctb
-- https://id.loc.gov/vocabulary/relators/ctb
700 1# - ADDED ENTRY--PERSONAL NAME
Personal name Hoube Nova-De Lisivkova, Tatiana,
Relator term contributor.
Relator code ctb
-- https://id.loc.gov/vocabulary/relators/ctb
700 1# - ADDED ENTRY--PERSONAL NAME
Personal name Ignat, Raluca,
Relator term contributor.
Relator code ctb
-- https://id.loc.gov/vocabulary/relators/ctb
700 1# - ADDED ENTRY--PERSONAL NAME
Personal name Ioan-Franc, Valeriu,
Relator term contributor.
Relator code ctb
-- https://id.loc.gov/vocabulary/relators/ctb
700 1# - ADDED ENTRY--PERSONAL NAME
Personal name Ion, Amalia-Elena,
Relator term contributor.
Relator code ctb
-- https://id.loc.gov/vocabulary/relators/ctb
700 1# - ADDED ENTRY--PERSONAL NAME
Personal name Ionescu, Răzvan,
Relator term contributor.
Relator code ctb
-- https://id.loc.gov/vocabulary/relators/ctb
700 1# - ADDED ENTRY--PERSONAL NAME
Personal name Iorgulescu, Raluca-Ioana,
Relator term contributor.
Relator code ctb
-- https://id.loc.gov/vocabulary/relators/ctb
700 1# - ADDED ENTRY--PERSONAL NAME
Personal name Isaic-Maniu, Alexandru,
Relator term contributor.
Relator code ctb
-- https://id.loc.gov/vocabulary/relators/ctb
700 1# - ADDED ENTRY--PERSONAL NAME
Personal name Izvoranu, Anca Marina,
Relator term contributor.
Relator code ctb
-- https://id.loc.gov/vocabulary/relators/ctb
700 1# - ADDED ENTRY--PERSONAL NAME
Personal name Izvoranu, Anca-Marina,
Relator term contributor.
Relator code ctb
-- https://id.loc.gov/vocabulary/relators/ctb
700 1# - ADDED ENTRY--PERSONAL NAME
Personal name Jovanovic, Olivera,
Relator term contributor.
Relator code ctb
-- https://id.loc.gov/vocabulary/relators/ctb
700 1# - ADDED ENTRY--PERSONAL NAME
Personal name Komlos, John,
Relator term contributor.
Relator code ctb
-- https://id.loc.gov/vocabulary/relators/ctb
700 1# - ADDED ENTRY--PERSONAL NAME
Personal name Luca, Lucian,
Relator term contributor.
Relator code ctb
-- https://id.loc.gov/vocabulary/relators/ctb
700 1# - ADDED ENTRY--PERSONAL NAME
Personal name Lupu, Iulia,
Relator term contributor.
Relator code ctb
-- https://id.loc.gov/vocabulary/relators/ctb
700 1# - ADDED ENTRY--PERSONAL NAME
Personal name Lupu, Radu,
Relator term contributor.
Relator code ctb
-- https://id.loc.gov/vocabulary/relators/ctb
700 1# - ADDED ENTRY--PERSONAL NAME
Personal name Milicevic, Nikola,
Relator term contributor.
Relator code ctb
-- https://id.loc.gov/vocabulary/relators/ctb
700 1# - ADDED ENTRY--PERSONAL NAME
Personal name Mocanu Nicolae, Andreea,
Relator term contributor.
Relator code ctb
-- https://id.loc.gov/vocabulary/relators/ctb
700 1# - ADDED ENTRY--PERSONAL NAME
Personal name Morais, Paula,
Relator term contributor.
Relator code ctb
-- https://id.loc.gov/vocabulary/relators/ctb
700 1# - ADDED ENTRY--PERSONAL NAME
Personal name Munteanu, Claudiu-Cătălin,
Relator term contributor.
Relator code ctb
-- https://id.loc.gov/vocabulary/relators/ctb
700 1# - ADDED ENTRY--PERSONAL NAME
Personal name Munteanu, Paula,
Relator term contributor.
Relator code ctb
-- https://id.loc.gov/vocabulary/relators/ctb
700 1# - ADDED ENTRY--PERSONAL NAME
Personal name Muscalu, Mihai Sabin,
Relator term contributor.
Relator code ctb
-- https://id.loc.gov/vocabulary/relators/ctb
700 1# - ADDED ENTRY--PERSONAL NAME
Personal name Neacşu, Alina,
Relator term contributor.
Relator code ctb
-- https://id.loc.gov/vocabulary/relators/ctb
700 1# - ADDED ENTRY--PERSONAL NAME
Personal name Neagu, Cornelia,
Relator term contributor.
Relator code ctb
-- https://id.loc.gov/vocabulary/relators/ctb
700 1# - ADDED ENTRY--PERSONAL NAME
Personal name Olteanu, Dan Constantin,
Relator term contributor.
Relator code ctb
-- https://id.loc.gov/vocabulary/relators/ctb
700 1# - ADDED ENTRY--PERSONAL NAME
Personal name Onofrei, Nicoleta,
Relator term contributor.
Relator code ctb
-- https://id.loc.gov/vocabulary/relators/ctb
700 1# - ADDED ENTRY--PERSONAL NAME
Personal name Oprea, Mihaela-Georgiana,
Relator term contributor.
Relator code ctb
-- https://id.loc.gov/vocabulary/relators/ctb
700 1# - ADDED ENTRY--PERSONAL NAME
Personal name Paliova, Iana,
Relator term contributor.
Relator code ctb
-- https://id.loc.gov/vocabulary/relators/ctb
700 1# - ADDED ENTRY--PERSONAL NAME
Personal name Panait, Mirela,
Relator term contributor.
Relator code ctb
-- https://id.loc.gov/vocabulary/relators/ctb
700 1# - ADDED ENTRY--PERSONAL NAME
Personal name Pavelescu, Florin Marius,
Relator term contributor.
Relator code ctb
-- https://id.loc.gov/vocabulary/relators/ctb
700 1# - ADDED ENTRY--PERSONAL NAME
Personal name Paşa, Adina Teodora,
Relator term contributor.
Relator code ctb
-- https://id.loc.gov/vocabulary/relators/ctb
700 1# - ADDED ENTRY--PERSONAL NAME
Personal name Pegulescu, Irina Andreea,
Relator term contributor.
Relator code ctb
-- https://id.loc.gov/vocabulary/relators/ctb
700 1# - ADDED ENTRY--PERSONAL NAME
Personal name Petru, Ovidiu Gheorghe,
Relator term contributor.
Relator code ctb
-- https://id.loc.gov/vocabulary/relators/ctb
700 1# - ADDED ENTRY--PERSONAL NAME
Personal name Piciu, Gabriela-Cornelia,
Relator term contributor.
Relator code ctb
-- https://id.loc.gov/vocabulary/relators/ctb
700 1# - ADDED ENTRY--PERSONAL NAME
Personal name Popa, Catalina Maria,
Relator term contributor.
Relator code ctb
-- https://id.loc.gov/vocabulary/relators/ctb
700 1# - ADDED ENTRY--PERSONAL NAME
Personal name Privitera, Donatella,
Relator term contributor.
Relator code ctb
-- https://id.loc.gov/vocabulary/relators/ctb
700 1# - ADDED ENTRY--PERSONAL NAME
Personal name Purcărea, Ioan-Matei,
Relator term contributor.
Relator code ctb
-- https://id.loc.gov/vocabulary/relators/ctb
700 1# - ADDED ENTRY--PERSONAL NAME
Personal name Păuna, Carmen Beatrice,
Relator term contributor.
Relator code ctb
-- https://id.loc.gov/vocabulary/relators/ctb
700 1# - ADDED ENTRY--PERSONAL NAME
Personal name Raimi, Lukman,
Relator term contributor.
Relator code ctb
-- https://id.loc.gov/vocabulary/relators/ctb
700 1# - ADDED ENTRY--PERSONAL NAME
Personal name Rodino, Steliana,
Relator term contributor.
Relator code ctb
-- https://id.loc.gov/vocabulary/relators/ctb
700 1# - ADDED ENTRY--PERSONAL NAME
Personal name Roşu, Elisabeta,
Relator term contributor.
Relator code ctb
-- https://id.loc.gov/vocabulary/relators/ctb
700 1# - ADDED ENTRY--PERSONAL NAME
Personal name Russu, Corneliu,
Relator term contributor.
Relator code ctb
-- https://id.loc.gov/vocabulary/relators/ctb
700 1# - ADDED ENTRY--PERSONAL NAME
Personal name Saavedra, Verónica,
Relator term contributor.
Relator code ctb
-- https://id.loc.gov/vocabulary/relators/ctb
700 1# - ADDED ENTRY--PERSONAL NAME
Personal name Sima, Cristian,
Relator term contributor.
Relator code ctb
-- https://id.loc.gov/vocabulary/relators/ctb
700 1# - ADDED ENTRY--PERSONAL NAME
Personal name Simionescu, Mihaela,
Relator term contributor.
Relator code ctb
-- https://id.loc.gov/vocabulary/relators/ctb
700 1# - ADDED ENTRY--PERSONAL NAME
Personal name Stancu, Stelian,
Relator term contributor.
Relator code ctb
-- https://id.loc.gov/vocabulary/relators/ctb
700 1# - ADDED ENTRY--PERSONAL NAME
Personal name Stefănescu, Maria Livia,
Relator term contributor.
Relator code ctb
-- https://id.loc.gov/vocabulary/relators/ctb
700 1# - ADDED ENTRY--PERSONAL NAME
Personal name Stefănescu, Stefan,
Relator term contributor.
Relator code ctb
-- https://id.loc.gov/vocabulary/relators/ctb
700 1# - ADDED ENTRY--PERSONAL NAME
Personal name Stănescu, Iulian,
Relator term contributor.
Relator code ctb
-- https://id.loc.gov/vocabulary/relators/ctb
700 1# - ADDED ENTRY--PERSONAL NAME
Personal name Stănescu, Simona,
Relator term contributor.
Relator code ctb
-- https://id.loc.gov/vocabulary/relators/ctb
700 1# - ADDED ENTRY--PERSONAL NAME
Personal name Surdu, Ioan,
Relator term contributor.
Relator code ctb
-- https://id.loc.gov/vocabulary/relators/ctb
700 1# - ADDED ENTRY--PERSONAL NAME
Personal name Tarhini, Mahmoud,
Relator term contributor.
Relator code ctb
-- https://id.loc.gov/vocabulary/relators/ctb
700 1# - ADDED ENTRY--PERSONAL NAME
Personal name Todirică, Ioana Claudia,
Relator term contributor.
Relator code ctb
-- https://id.loc.gov/vocabulary/relators/ctb
700 1# - ADDED ENTRY--PERSONAL NAME
Personal name Todirică, Ioana-Claudia,
Relator term contributor.
Relator code ctb
-- https://id.loc.gov/vocabulary/relators/ctb
700 1# - ADDED ENTRY--PERSONAL NAME
Personal name Turcuş, Violeta,
Relator term contributor.
Relator code ctb
-- https://id.loc.gov/vocabulary/relators/ctb
700 1# - ADDED ENTRY--PERSONAL NAME
Personal name Uzună, Robert,
Relator term contributor.
Relator code ctb
-- https://id.loc.gov/vocabulary/relators/ctb
700 1# - ADDED ENTRY--PERSONAL NAME
Personal name Vasile, Anna Maria,
Relator term contributor.
Relator code ctb
-- https://id.loc.gov/vocabulary/relators/ctb
700 1# - ADDED ENTRY--PERSONAL NAME
Personal name Zubovic, Jovan,
Relator term contributor.
Relator code ctb
-- https://id.loc.gov/vocabulary/relators/ctb
856 40 - ELECTRONIC LOCATION AND ACCESS
Uniform Resource Identifier <a href="https://sciendo.com/book/9788366675261">https://sciendo.com/book/9788366675261</a>
Public note Open Access
-- 0
856 42 - ELECTRONIC LOCATION AND ACCESS
Materials specified Cover
Uniform Resource Identifier <a href="https://www.degruyter.com/document/cover/isbn/9788366675261/original">https://www.degruyter.com/document/cover/isbn/9788366675261/original</a>
942 ## - ADDED ENTRY ELEMENTS (KOHA)
Koha item type E-Book
Holdings
Withdrawn status Damaged status Not for loan Home library Current library Date acquired Total Checkouts Date last seen Price effective from Koha item type
      De Gruyter De Gruyter 12/29/2022   12/29/2022 12/29/2022 E-Book

University of Rizal System
Email us at univlibservices@urs.edu.ph

Visit our Website www.urs.edu.ph/library